[Event "40th Olympiad Women"]
[Site "Istanbul TUR"]
[Date "2012.09.04"]
[Round "7.16"]
[Board "4"]
[White "Paulauskaite, Gintare"]
[Black "Van Weersel, Arlette"]
[Result "1/2-1/2"]
[BlackTitle "WIM"]
[WhiteElo "2053"]
[BlackElo "2151"]
[WhiteTeam "Lithuania"]
[BlackTeam "Netherlands"]
[WhiteFideId "12802964"]
[BlackFideId "1009877"]
[EventDate "2012.08.28"]

1. e4 e5 2. Nf3 Nc6 3. Bc4 Nf6 4. d4 exd4 5. O-O Nxe4 6. Re1 d5 7. Nc3 dxc3 8.
Bxd5 Be6 9. Bxe4 Bb4 10. b3 Qxd1 11. Rxd1 Rd8 12. Bf4 Bd6 13. Bxd6 Rxd6 14. Rxd6
cxd6 15. Bxc6+ bxc6 16. Rd1 Kd7 17. Rd3 Re8 18. Rxc3 Bf5 19. Kf1 c5 20. h3 h6
21. a3 a5 22. Nd2 Ra8 23. Nc4 Kc6 24. Ke2 Be6 25. Nb2 Bd5 26. g3 Be6 27. h4 d5
28. Nd3 c4 29. bxc4 d4 30. Rb3 Bxc4 31. Rb2 Re8+ 32. Kd2 Re6 33. Rb8 Bxd3 34.
Kxd3 Rf6 35. Kxd4 Rxf2 36. Rc8+ Kb7 37. Rc3 Kb6 38. Rb3+ Kc6 39. c4 Rd2+ 40. Ke3
Rg2 41. Kd4 Rd2+ 42. Kc3 Ra2 43. Kd4 Ra1 44. Rf3 f6 45. Re3 Rd1+ 46. Kc3 Kc5 47.
Re7 g5 48. Rc7+ Kb6 49. Rh7 Rg1 50. Rxh6 Kc5 51. Kb3 Rxg3+ 52. Ka4 Rg4 53. Rxf6
gxh4 54. Rh6 Kxc4 55. Kxa5 Kb3 56. Kb5 Kxa3 57. Kc5 Kb3 58. Kd5 Kc3 59. Ke5 Kd3
60. Kf5 Ra4 61. Kg5 Ke3 62. Rxh4 Rxh4 63. Kxh4 1/2-1/2

[Event "40th Olympiad Women"]
[Site "Istanbul TUR"]
[Date "2012.09.04"]
[Round "7.17"]
[Board "1"]
[White "Kulovana, Eva"]
[Black "Medina, Warda Aulia"]
[Result "1/2-1/2"]
[WhiteTitle "WGM"]
[BlackTitle "WFM"]
[WhiteElo "2259"]
[BlackElo "2218"]
[WhiteTeam "Czech Republic"]
[BlackTeam "Indonesia"]
[WhiteFideId "318779"]
[BlackFideId "7101570"]
[EventDate "2012.08.28"]

1. e4 e6 2. d4 d5 3. Nd2 Nf6 4. e5 Nfd7 5. Bd3 c5 6. c3 Nc6 7. Ne2 cxd4 8. cxd4
f6 9. exf6 Nxf6 10. Nf3 Bd6 11. O-O Qc7 12. Bg5 O-O 13. Bh4 Nh5 14. Qc2 h6 15.
Bh7+ Kh8 16. Bg6 Rxf3 17. Bxh5 Rf8 18. Bg3 Bd7 19. Rad1 Be8 20. Bg4 Bf7 21. Nc3
Bxg3 22. hxg3 e5 23. dxe5 Qxe5 24. Rfe1 Qg5 25. Bf3 Rad8 26. Nb5 Qf6 27. Qc3 d4
28. Qc5 Bxa2 29. Nxa7 d3 30. Nxc6 bxc6 31. Rd2 Bb3 32. Qxc6 Qg5 33. Qc3 Bc2 34.
Re5 Qf6 35. Be4 Rc8 36. Qa5 Rfd8 37. f4 Rd4 38. Qb5 Ba4 39. Qb7 Rcd8 40. b3 R4d7
41. Qb4 Rd4 42. Qb7 R4d7 43. Qb4 Rd4 44. Qb7 R4d7 45. Qb4 Rd4 1/2-1/2

[Event "40th Olympiad Women"]
[Site "Istanbul TUR"]
[Date "2012.09.04"]
[Round "7.17"]
[Board "2"]
[White "Sihite, Chelsie Monica"]
[Black "Nemcova, Katerina"]
[Result "0-1"]
[WhiteTitle "WIM"]
[BlackTitle "WGM"]
[WhiteElo "2162"]
[BlackElo "2276"]
[WhiteTeam "Indonesia"]
[BlackTeam "Czech Republic"]
[WhiteFideId "7101198"]
[BlackFideId "322750"]
[EventDate "2012.08.28"]

1. e4 c5 2. Nf3 d6 3. d4 cxd4 4. Nxd4 Nf6 5. Nc3 g6 6. Be3 Bg7 7. Qd2 Ng4 8.
Bb5+ Bd7 9. Bg5 h6 10. Bh4 Bxb5 11. Ndxb5 a6 12. Nd4 Nc6 13. Nxc6 bxc6 14. Qe2
Ne5 15. f4 Nd7 16. Nd1 Qa5+ 17. Qd2 Qa4 18. O-O Qxe4 19. c3 Nf6 20. Ne3 O-O 21.
Bxf6 exf6 22. f5 Rfe8 23. Rae1 g5 24. Qd1 d5 25. g3 a5 26. b3 Qe5 27. Qd2 Bf8
28. Ng4 Qd6 29. Qd4 Kg7 30. Kh1 c5 31. Qd3 h5 32. Nf2 Re5 33. Rxe5 Qxe5 34. Rd1
Rd8 35. g4 Bd6 36. Qh3 Rh8 37. Qg2 hxg4 38. Nxg4 Qxc3 39. Qxd5 Bf4 40. Qg2 Re8
41. Rf1 Re1 42. Qf2 Rc1 43. Rxc1 Qxc1+ 44. Kg2 Qd1 45. Qf3 Qc2+ 46. Nf2 Qxa2 47.
h4 Qd2 48. Kh3 Qe1 49. hxg5 Bxg5 50. Ne4 Qg1 51. Nd6 Qd4 52. Nb7 a4 53. bxa4 c4
54. a5 c3 55. Qc6 Qd3+ 0-1

[Event "40th Olympiad Women"]
[Site "Istanbul TUR"]
[Date "2012.09.04"]
[Round "7.17"]
[Board "3"]
[White "Havlikova, Kristyna"]
[Black "Dewi, Aa Citra"]
[Result "1-0"]
[WhiteTitle "WIM"]
[BlackTitle "WFM"]
[WhiteElo "2298"]
[BlackElo "2143"]
[WhiteTeam "Czech Republic"]
[BlackTeam "Indonesia"]
[WhiteFideId "309672"]
[BlackFideId "7101244"]
[EventDate "2012.08.28"]

1. e4 c5 2. Nf3 d6 3. d4 cxd4 4. Nxd4 Nf6 5. Nc3 e6 6. Be2 a6 7. O-O Be7 8. Be3
O-O 9. f4 Qc7 10. g4 b5 11. g5 Ne8 12. Bd3 b4 13. Nce2 g6 14. f5 e5 15. Nf3 gxf5
16. exf5 d5 17. Nxe5 Qxe5 18. Bd4 Qc7 19. f6 Bc5 20. Qe1 h5 21. gxh6 Nd7 22. Qh4
Ne5 23. Kh1 Nxd3 24. cxd3 Bxd4 25. Nxd4 Kh8 26. Rae1 Be6 27. h7 Qb6 28. Rg1 Bg4
29. Qxg4 1-0

[Event "40th Olympiad Women"]
[Site "Istanbul TUR"]
[Date "2012.09.04"]
[Round "7.18"]
[Board "2"]
[White "Bulmaga, Irina"]
[Black "Andersson, Christin"]
[Result "1-0"]
[WhiteTitle "WIM"]
[BlackTitle "WIM"]
[WhiteElo "2380"]
[BlackElo "2074"]
[WhiteTeam "Romania"]
[BlackTeam "Sweden"]
[WhiteFideId "13903063"]
[BlackFideId "1702947"]
[EventDate "2012.08.28"]

1. e4 e5 2. Nf3 d6 3. d4 exd4 4. Nxd4 Nf6 5. Nc3 Be7 6. Bf4 O-O 7. Qd2 Nc6 8.
O-O-O Nxd4 9. Qxd4 a6 10. f3 b5 11. Qd2 Be6 12. Nd5 Nxd5 13. exd5 Bf5 14. g4 Bg6
15. Kb1 h6 16. Be3 Bf6 17. h4 Bxh4 18. f4 Be4 19. Rh3 Be7 20. g5 hxg5 21. Qh2 f6
22. Bd3 Bxd3 23. cxd3 Kf7 24. Rh7 Ke8 25. Rxg7 Kd7 26. Qh7 Qe8 27. Bd4 Rg8 28.
Qf5+ Kd8 29. Rxe7 Qxe7 30. Bxf6 Qxf6 31. Qxf6+ Kc8 32. fxg5 Kb7 33. Rc1 Rac8 34.
g6 Kb8 35. g7 Rce8 36. Qf7 1-0

[Event "40th Olympiad Women"]
[Site "Istanbul TUR"]
[Date "2012.09.04"]
[Round "7.18"]
[Board "3"]
[White "Horn, Emilia"]
[Black "Cosma, Elena-Luminita"]
[Result "0-1"]
[WhiteTitle "WFM"]
[BlackTitle "WGM"]
[WhiteElo "2037"]
[BlackElo "2352"]
[WhiteTeam "Sweden"]
[BlackTeam "Romania"]
[WhiteFideId "1705385"]
[BlackFideId "1201590"]
[EventDate "2012.08.28"]

1. e4 e6 2. d4 d5 3. Nc3 Nf6 4. e5 Nfd7 5. f4 c5 6. Nce2 Nc6 7. c3 Be7 8. Nf3
O-O 9. g3 cxd4 10. cxd4 f5 11. Bg2 Nb6 12. O-O a5 13. a4 Bd7 14. Kh1 Nb4 15. Nc3
Rc8 16. Rf2 Qe8 17. Bf1 h6 18. h4 Nxa4 19. Nxa4 Bxa4 20. b3 Bb5 21. Rxa5 Bxf1
22. Qxf1 b6 23. Ra1 Rc3 24. Qd1 Qb5 25. Rg2 Nd3 26. Nd2 Rfc8 27. Kh2 Rxc1 28.
Rxc1 Rxc1 29. Qh5 Rc2 30. Qg6 Qc6 31. h5 Ne1 32. Re2 Rxd2 0-1

[Event "40th Olympiad Women"]
[Site "Istanbul TUR"]
[Date "2012.09.04"]
[Round "7.18"]
[Board "4"]
[White "L'Ami, Alina"]
[Black "Fransson, Angelina"]
[Result "1-0"]
[WhiteTitle "WGM"]
[WhiteElo "2372"]
[BlackElo "1968"]
[WhiteTeam "Romania"]
[BlackTeam "Sweden"]
[WhiteFideId "1210246"]
[BlackFideId "1712632"]
[EventDate "2012.08.28"]

1. d4 Nf6 2. c4 g6 3. Nc3 Bg7 4. e4 d6 5. Nf3 O-O 6. Be2 e5 7. Be3 Ng4 8. Bg5 f6
9. Bh4 exd4 10. Nxd4 Ne5 11. O-O Nbc6 12. Nc2 Ne7 13. f4 Nf7 14. Ne3 c6 15. Qd2
Qe8 16. f5 gxf5 17. exf5 Bh6 18. Ng4 Bxd2 19. Nxf6+ Kh8 20. Nxe8 Rxe8 21. Bh5
Bxc3 22. bxc3 Kg8 23. Rae1 Kf8 24. Re6 Bxe6 25. fxe6 Ng6 26. exf7 Re5 27. Bxg6
hxg6 28. Rf6 Rf5 29. Rxg6 Kxf7 30. Rxd6 Rh8 31. Bf2 Ke7 32. Rd2 Rhf8 33. g4 Re5
34. Kg2 Ke6 35. c5 Rd5 36. Re2+ Kd7 37. h4 Rd3 38. g5 Rf4 39. Rb2 Kc8 40. Rb4
Rf5 41. Bg3 Rxc3 42. g6 Rf8 43. Bd6 Rg8 44. h5 Rd3 45. Rg4 Kd7 46. h6 Re8 47. g7
Re2+ 48. Kf1 Rxa2 49. Bg3 Rf3+ 50. Kg1 Rc3 51. Rd4+ Ke7 52. Bh4+ Kf7 53. Rf4+ 1-0

[Event "40th Olympiad Women"]
[Site "Istanbul TUR"]
[Date "2012.09.04"]
[Round "7.19"]
[Board "1"]
[White "Perena, Catherine"]
[Black "Leite, Catarina"]
[Result "1/2-1/2"]
[WhiteTitle "WIM"]
[BlackTitle "WIM"]
[WhiteElo "2091"]
[BlackElo "2178"]
[WhiteTeam "Philippines"]
[BlackTeam "Portugal"]
[WhiteFideId "5202744"]
[BlackFideId "1901222"]
[EventDate "2012.08.28"]

1. d4 Nf6 2. Nf3 e6 3. e3 b6 4. Bd3 Be7 5. O-O O-O 6. e4 d6 7. Qe2 Bb7 8. e5
dxe5 9. dxe5 Nfd7 10. Rd1 c5 11. Nc3 Qc7 12. Bf4 a6 13. a4 Rd8 14. Ng5 h6 15.
Nf3 Nc6 16. Qe3 Nb4 17. Nd2 Nf8 18. Bg3 Rxd3 19. cxd3 Nc2 20. Qe2 Nxa1 21. Rxa1
Rd8 22. Rd1 Ng6 23. Nc4 Qc6 24. f3 Ba8 25. Na3 Bf8 26. Nc2 Ne7 27. d4 Nf5 28.
Bf2 cxd4 29. Nxd4 Nxd4 30. Rxd4 Rxd4 31. Bxd4 Bb7 32. Kf2 Be7 33. Qd3 Bc5 34.
Qe3 Bb4 35. Ne2 b5 36. axb5 axb5 37. Qb3 Be7 38. Be3 Bh4+ 39. Kg1 Qa6 40. Qd1
Qa2 41. Qc1 Qb3 42. Nc3 Qc4 43. Qd2 b4 44. Ne2 Ba6 45. Kf1 Be7 46. Kf2 Bh4+ 47.
Kf1 b3 48. Bd4 Be7 49. Bc3 Bc5 50. g3 Bb6 51. Ke1 Qc6 52. Qf4 Qd7 53. Nd4 Qa4
54. Qd2 Qc4 55. Ne2 h5 56. h4 Bb5 57. Qd1 Be3 58. Kf1 Bc5 59. Qd2 Bb6 60. Ke1
Kh7 61. Qd1 g6 62. Qd2 Kg7 63. Qd1 Be3 64. Kf1 Bc5 65. Qd2 Ba7 66. Ke1 Bb6 67.
Qd1 Ba6 68. Qd2 Qb5 69. Qd1 Ba5 70. Kf2 Qc5+ 71. Qd4 Qb5 72. Qd1 Bb6+ 73. Ke1
Bc5 74. Qd2 Qc4 75. Kf1 Bb6 76. Ke1 Qc5 77. Bd4 Qb5 78. Bc3 Bc7 79. Qe3 Ba5 80.
Bxa5 Qxa5+ 81. Kf2 Qb5 82. g4 hxg4 83. fxg4 Qc4 84. Nd4 Qf1+ 85. Kg3 Bb7 86. Nf3
Bd5 87. h5 Qh1 88. hxg6 fxg6 89. Qf4 Bxf3 90. Qf6+ Kh7 91. Qf7+ Kh8 92. Qf8+ Kh7
93. Qf7+ Kh8 1/2-1/2

[Event "40th Olympiad Women"]
[Site "Istanbul TUR"]
[Date "2012.09.04"]
[Round "7.19"]
[Board "2"]
[White "Baptista, Ana Filipa"]
[Black "Jose, Rulp Ylem"]
[Result "0-1"]
[WhiteTitle "WFM"]
[BlackTitle "WFM"]
[WhiteElo "2152"]
[BlackElo "2061"]
[WhiteTeam "Portugal"]
[BlackTeam "Philippines"]
[WhiteFideId "1902970"]
[BlackFideId "5205026"]
[EventDate "2012.08.28"]

1. e4 d6 2. d4 Nf6 3. Nc3 g6 4. Bc4 Bg7 5. Nge2 O-O 6. f3 c6 7. Be3 d5 8. Bd3
dxe4 9. Nxe4 Nd5 10. Bf2 e5 11. O-O exd4 12. Nxd4 Nf4 13. c3 c5 14. Nxc5 Qg5 0-1

[Event "40th Olympiad Women"]
[Site "Istanbul TUR"]
[Date "2012.09.04"]
[Round "7.19"]
[Board "3"]
[White "Frayna, Janelle Mae"]
[Black "Oliveira, Maria Ines"]
[Result "1/2-1/2"]
[WhiteElo "1991"]
[BlackElo "1927"]
[WhiteTeam "Philippines"]
[BlackTeam "Portugal"]
[WhiteFideId "5212499"]
[BlackFideId "1909436"]
[EventDate "2012.08.28"]

1. c4 Nf6 2. g3 g6 3. Bg2 Bg7 4. Nc3 O-O 5. e4 c5 6. Nge2 d6 7. O-O Nc6 8. d3
Bg4 9. h3 Bxe2 10. Nxe2 Nd7 11. Rb1 Rb8 12. Bg5 a6 13. Qd2 b5 14. b3 bxc4 15.
dxc4 Nd4 16. Be3 Nxe2+ 17. Qxe2 a5 18. Rfd1 Qc7 19. Bg5 Ne5 20. h4 Nc6 21. h5
Nd4 22. Qg4 a4 23. bxa4 Nc6 24. Qh4 Rfe8 25. e5 Bxe5 26. Bxc6 Qxc6 27. Rb5 Ra8
28. a5 Qf3 29. Rf1 Ra7 30. h6 Qa3 31. Bxe7 Qc3 32. Bg5 Rxa5 33. Rc1 Qa3 34. Rxa5
Qxa5 35. Bf6 Qd2 36. Rf1 Bxf6 37. Qxf6 Qxh6 38. Qxd6 Qf8 39. Qd3 Qe7 40. Kg2
Qe4+ 41. Qxe4 Rxe4 42. Rc1 Kf8 43. Kf3 Re6 44. Rc3 Ra6 45. a3 Ke7 46. Ke4 Ke6
47. g4 f5+ 48. gxf5+ gxf5+ 49. Kf4 Kf6 50. Rh3 Ra4 51. Rh6+ Kg7 52. Rc6 Rxc4+
53. Kxf5 Ra4 54. Kg5 Rxa3 55. Rc7+ Kg8 56. f4 Ra6 57. f5 h6+ 58. Kg4 c4 59. Kf4
c3 60. Ke5 Kf8 61. Rc8+ Kf7 62. Rc7+ Kf8 63. Rxc3 Ra5+ 64. Ke6 Ra6+ 65. Ke5 Ra5+ 1/2-1/2

[Event "40th Olympiad Women"]
[Site "Istanbul TUR"]
[Date "2012.09.04"]
[Round "7.19"]
[Board "4"]
[White "Monteiro, Sara Cristina da Silva"]
[Black "Docena, Jedara"]
[Result "0-1"]
[WhiteTitle "WCM"]
[WhiteElo "1841"]
[BlackElo "2061"]
[WhiteTeam "Portugal"]
[BlackTeam "Philippines"]
[WhiteFideId "1909860"]
[BlackFideId "5202361"]
[EventDate "2012.08.28"]

1. d4 d6 2. Nf3 Bg4 3. c4 Nd7 4. Nc3 Ngf6 5. e4 e5 6. Be2 Be7 7. Be3 O-O 8. Qd3
Bxf3 9. Bxf3 exd4 10. Qxd4 Ne5 11. Be2 Nfg4 12. Bc1 Bh4 13. Bxg4 Nxg4 14. g3 Bf6
15. Qd2 Bxc3 16. Qxc3 f5 17. f3 Ne5 18. exf5 Rxf5 19. f4 Ng4 20. O-O Rh5 21. Qf3
Qc8 22. f5 Rxh2 23. Qxg4 Rc2 24. Rf4 Qe8 25. Re4 Qf7 26. Bh6 Qf6 27. Bc1 Rf8 28.
Rf4 Re8 29. Re4 Qd4+ 30. Be3 Qxe4 31. Qxe4 Rxe4 32. Bxa7 Rxb2 33. c5 d5 34. Bb8
Re7 35. a4 d4 36. a5 d3 37. c6 d2 38. Kf1 Rc2 39. Rd1 Rc1 40. cxb7 Rxd1+ 41. Kf2
Rf1+ 42. Kxf1 d1=Q+ 43. Kg2 Qe2+ 44. Kh3 Qh5+ 0-1

[Event "40th Olympiad Women"]
[Site "Istanbul TUR"]
[Date "2012.09.04"]
[Round "7.20"]
[Board "1"]
[White "Mir Mahmoud, Afamia"]
[Black "Paehtz, Elisabeth"]
[Result "0-1"]
[BlackTitle "IM"]
[WhiteElo "1970"]
[BlackElo "2483"]
[WhiteTeam "Syria"]
[BlackTeam "Germany"]
[WhiteFideId "7600674"]
[BlackFideId "4641833"]
[EventDate "2012.08.28"]

1. d4 e6 2. Nc3 d5 3. Bf4 Nf6 4. e3 a6 5. Nf3 c5 6. Be2 Be7 7. Ne5 O-O 8. g4 Nc6
9. h4 Qb6 10. Na4 Qa5+ 11. c3 Nxe5 12. Bxe5 Nd7 13. Bg3 cxd4 14. exd4 b5 15. Nc5
Nxc5 16. dxc5 b4 17. cxb4 Qxb4+ 18. Qd2 Bxc5 19. Qxb4 Bxb4+ 20. Kd1 Bd7 21. a3
Ba4+ 22. Kc1 Rfc8+ 23. Kb1 Be7 24. Ka2 a5 25. Rac1 Bc2 26. b3 Bf6 27. Rhg1 Rc3
28. Bd1 Rac8 29. g5 Bd4 30. Bf4 a4 31. bxa4 R8c4 32. Bxc2 Rxc2+ 33. Rxc2 Rxc2+
34. Kb1 Rb2+ 35. Kc1 Rxf2 36. Bd6 f5 37. gxf6 Rxf6 38. Rg2 e5 39. Bb4 Kf7 40. a5
e4 41. Rc2 Rf1+ 42. Kd2 Rf2+ 43. Kd1 Rxc2 44. Kxc2 Ke6 45. a6 g6 46. Kb3 Kd7 47.
Ba5 Kc6 48. a4 Bf2 49. Bd8 Be3 50. Kc3 h6 51. a5 Kb5 52. a7 Bxa7 53. Kd2 Bc5 54.
Ke2 Bb4 55. Ke3 Bxa5 56. Bf6 Kc4 0-1

[Event "40th Olympiad Women"]
[Site "Istanbul TUR"]
[Date "2012.09.04"]
[Round "7.20"]
[Board "2"]
[White "Melamed, Tetyana"]
[Black "Algildah, Nibal"]
[Result "1-0"]
[WhiteTitle "WGM"]
[BlackTitle "WIM"]
[WhiteElo "2356"]
[BlackElo "1881"]
[WhiteTeam "Germany"]
[BlackTeam "Syria"]
[WhiteFideId "14102145"]
[BlackFideId "7600950"]
[EventDate "2012.08.28"]

1. e4 c6 2. d4 d5 3. exd5 cxd5 4. c4 Nf6 5. Nc3 g6 6. Qb3 Bg7 7. cxd5 O-O 8. Be2
Nbd7 9. Bf3 Nb6 10. Nge2 Bg4 11. Bxg4 Nxg4 12. a4 Nf6 13. Nf4 Qd7 14. a5 Nc8 15.
O-O b6 16. Be3 Rd8 17. Rfc1 Rb8 18. Nd3 Nxd5 19. Nc5 Qd6 20. Na6 Nxc3 21. Qxc3
Ra8 22. Nc7 Rb8 23. Nb5 Qd7 24. Bf4 e5 25. Bg5 exd4 26. Qd3 Re8 27. Nc7 Re5 28.
Na6 Ra8 29. Qf3 Qd5 30. Qxd5 Rxd5 31. Nc7 Rxg5 32. Nxa8 Rc5 33. axb6 axb6 34. b4
Rc3 35. Rxc3 dxc3 36. Kf1 Bh6 37. Ra2 b5 38. Nc7 Nd6 39. Ke2 Bf4 40. Kd3 Be5 41.
Ra8+ Kg7 42. Ne8+ Nxe8 43. Rxe8 1-0

[Event "40th Olympiad Women"]
[Site "Istanbul TUR"]
[Date "2012.09.04"]
[Round "7.20"]
[Board "4"]
[White "Levushkina, Elena"]
[Black "Stef, Shirin"]
[Result "1-0"]
[WhiteTitle "WGM"]
[WhiteElo "2301"]
[BlackElo "1942"]
[WhiteTeam "Germany"]
[BlackTeam "Syria"]
[WhiteFideId "14200686"]
[BlackFideId "7602030"]
[EventDate "2012.08.28"]

1. e4 e6 2. d4 d5 3. Nd2 Nf6 4. e5 Nfd7 5. Bd3 c5 6. c3 Nc6 7. Ne2 Qb6 8. Nf3
Be7 9. O-O f6 10. exf6 Nxf6 11. Nf4 c4 12. Bc2 Bd6 13. b3 Qc7 14. g3 cxb3 15.
axb3 O-O 16. Ng5 Nd8 17. Qd3 g6 18. Re1 Re8 19. Nf3 Nc6 20. Be3 a6 21. Qd1 Qg7
22. Ng2 Bd7 23. Bf4 Bxf4 24. Nxf4 Re7 25. Qc1 Rae8 26. Nd3 Ne4 27. Nde5 Nd6 28.
Nxc6 Bxc6 29. Ne5 Bd7 30. Qd2 Nf7 31. Bd3 Qh6 32. Qxh6 Nxh6 33. Re3 Rc8 34. Rc1
Bc6 35. Rce1 Nf7 36. c4 Nxe5 37. Rxe5 Kf7 38. f4 b5 39. c5 a5 40. f5 Rce8 41.
fxg6+ hxg6 42. Rf1+ Kg7 43. Rg5 1-0

[Event "40th Olympiad Women"]
[Site "Istanbul TUR"]
[Date "2012.09.04"]
[Round "7.21"]
[Board "1"]
[White "Franciskovic, Borka"]
[Black "Porat, Maya"]
[Result "0-1"]
[WhiteTitle "WIM"]
[BlackTitle "WIM"]
[WhiteElo "2258"]
[BlackElo "2295"]
[WhiteTeam "Croatia"]
[BlackTeam "Israel"]
[WhiteFideId "14507943"]
[BlackFideId "2808072"]
[EventDate "2012.08.28"]

1. c4 e6 2. Nc3 d5 3. d4 Be7 4. Bf4 Nf6 5. e3 O-O 6. Nf3 c5 7. dxc5 Qa5 8. Be2
Rd8 9. O-O dxc4 10. Qa4 Qxa4 11. Nxa4 Bd7 12. Nc3 Bxc5 13. Bxc4 Nc6 14. Rfd1 Be8
15. h3 a6 16. Ng5 Rxd1+ 17. Rxd1 Rd8 18. Rxd8 Nxd8 19. Nge4 Nxe4 20. Nxe4 Be7
21. Bc7 b5 22. Bd3 Nb7 23. g4 Bc6 24. Kf1 f5 25. Nd2 Nc5 26. Bc2 g6 27. gxf5
exf5 28. Be5 Bd5 29. a3 a5 30. Bd4 a4 31. f4 Kf7 32. Kf2 Ke6 33. Kg3 h5 34. h4
Bc6 35. Bd1 Nd3 36. Be2 Ne1 37. Bf1 Nc2 38. Nb1 Nxd4 39. exd4 Bf6 40. Nc3 Bxd4
41. Nxb5 Bxb2 42. Bc4+ Ke7 43. Na7 Bd7 44. Nb5 Be6 45. Bd3 Bb3 46. Kf3 Ke6 47.
Ke3 Kd5 48. Nc7+ Kd6 49. Nb5+ Kc5 50. Kd2 Bf6 51. Nc3 Bxh4 52. Bb5 Bf6 53. Be8
Bxc3+ 54. Kxc3 h4 55. Bxg6 h3 0-1

[Event "40th Olympiad Women"]
[Site "Istanbul TUR"]
[Date "2012.09.04"]
[Round "7.21"]
[Board "2"]
[White "Efroimski, Marsel"]
[Black "Golubenko, Valentina"]
[Result "1/2-1/2"]
[WhiteTitle "WIM"]
[BlackTitle "WGM"]
[WhiteElo "2174"]
[BlackElo "2297"]
[WhiteTeam "Israel"]
[BlackTeam "Croatia"]
[WhiteFideId "2810964"]
[BlackFideId "4501993"]
[EventDate "2012.08.28"]

1. e4 e6 2. d4 d5 3. Nd2 Nf6 4. e5 Nfd7 5. Ngf3 c5 6. c3 Nc6 7. Bd3 g6 8. h4 h6
9. a3 a5 10. Qe2 Qc7 11. Nf1 c4 12. Bc2 b5 13. N3h2 Ba6 14. h5 g5 15. f4 gxf4
16. Bxf4 O-O-O 17. Qd2 f6 18. exf6 e5 19. dxe5 Ndxe5 20. Ng4 Bd6 21. Nxe5 Bxe5
22. Bxe5 Qxe5+ 23. Qe3 Rhe8 24. Qxe5 Rxe5+ 25. Kf2 Rf8 26. g4 Rxf6+ 27. Bf5+ Kc7
28. Re1 Bc8 29. Ng3 d4 30. cxd4 Rxe1 31. Kxe1 Nxd4 32. Bxc8 Kxc8 33. Rf1 Re6+
34. Kf2 b4 35. axb4 axb4 36. Rc1 Rc6 37. Ne4 Kb8 38. Ke3 Nb3 39. Rc2 Na1 40. Rc1
Nb3 41. Rc2 Na1 42. Rf2 b3 43. Kd4 Nc2+ 44. Ke5 Ne3 45. Re2 Nc2 46. Nc3 Kc7 47.
Nd5+ Kd7 48. Rd2 Ne1 49. Kf5 Nd3 50. Ke4 Ke6 51. Rg2 Rc5 52. Nf4+ Nxf4 53. Kxf4
c3 54. Re2+ Kf6 55. bxc3 Rc4+ 56. Kg3 Rxc3+ 57. Kh4 Rc4 58. Rb2 Rb4 59. Kg3 Kg5
60. Kf3 Rf4+ 61. Ke2 Re4+ 62. Kd2 Rb4 63. Kc3 Rxg4 64. Kxb3 Kxh5 65. Kc3 Rg3+
66. Kd4 Kg4 67. Ke4 h5 68. Rb8 h4 69. Rg8+ Kh3 70. Rh8 Ra3 71. Kf4 Ra4+ 72. Kf3
Rg4 73. Rh7 Rg8 74. Kf2 Rf8+ 75. Kg1 Rf4 76. Rg7 Ra4 77. Kh1 Ra1+ 78. Rg1 Ra3
79. Rb1 Rf3 80. Ra1 Kg3 81. Rg1+ Kh3 82. Ra1 Kg4 83. Rg1+ Kf4 84. Ra1 h3 85. Kh2
Ke5 1/2-1/2

[Event "40th Olympiad Women"]
[Site "Istanbul TUR"]
[Date "2012.09.04"]
[Round "7.21"]
[Board "3"]
[White "Medic, Mirjana"]
[Black "Borsuk, Angela"]
[Result "1-0"]
[WhiteTitle "WGM"]
[BlackTitle "IM"]
[WhiteElo "2185"]
[BlackElo "2266"]
[WhiteTeam "Croatia"]
[BlackTeam "Israel"]
[WhiteFideId "14501619"]
[BlackFideId "2806452"]
[EventDate "2012.08.28"]

1. d4 d6 2. Nf3 Nf6 3. c4 g6 4. g3 Bg7 5. Bg2 O-O 6. O-O c6 7. Nc3 Bf5 8. Nh4
Be6 9. d5 cxd5 10. cxd5 Bd7 11. Be3 Qa5 12. Bd4 Na6 13. a3 Rfc8 14. b4 Qd8 15.
Qd3 Nc7 16. Nf3 e5 17. dxe6 Nxe6 18. Rac1 Nxd4 19. Nxd4 Qb6 20. e3 Rab8 21. Rfd1
a6 22. Nd5 Nxd5 23. Bxd5 Ba4 24. Re1 Rc7 25. Rc3 Rbc8 26. Rec1 Bf6 27. h4 Rxc3
28. Rxc3 Rxc3 29. Qxc3 Bc6 30. Bxc6 bxc6 31. Qxc6 Bxd4 32. Qc8+ Kg7 33. exd4
Qxd4 34. Qxa6 Qd1+ 35. Qf1 Qb3 36. Qa1+ Kh6 37. a4 f5 38. a5 f4 39. Qc1 1-0

[Event "40th Olympiad Women"]
[Site "Istanbul TUR"]
[Date "2012.09.04"]
[Round "7.21"]
[Board "4"]
[White "Shvayger, Yuliya"]
[Black "Jelica, Mara"]
[Result "1-0"]
[WhiteTitle "WFM"]
[BlackTitle "WIM"]
[WhiteElo "2202"]
[BlackElo "2258"]
[WhiteTeam "Israel"]
[BlackTeam "Croatia"]
[WhiteFideId "14100126"]
[BlackFideId "14504111"]
[EventDate "2012.08.28"]

1. e4 c5 2. Nf3 d6 3. d4 cxd4 4. Nxd4 Nf6 5. Nc3 a6 6. f4 e5 7. Nf3 Qc7 8. a4
Nbd7 9. Bd3 Nc5 10. O-O Nxd3 11. cxd3 exf4 12. Kh1 Be6 13. Bxf4 Be7 14. Rc1 Qb6
15. Qd2 O-O 16. Be3 Qd8 17. Nd4 Ng4 18. Bf4 Ne5 19. Nf5 Ng6 20. Be3 d5 21. exd5
Bxd5 22. Bb6 Qd7 23. Qf2 Bg5 24. Qd4 Bxg2+ 25. Kxg2 Nf4+ 26. Rxf4 Qxd4 27. Bxd4
Bxf4 28. Rg1 f6 29. Kf3 g5 30. Nd5 Bxh2 31. Rg2 Be5 32. Bxe5 fxe5 33. Rxg5+ Kh8
34. Ke4 Rae8 35. Rh5 Re6 36. a5 Rg8 37. Nde3 b5 38. Kd5 Rge8 39. Nd6 Rxd6+ 40.
Kxd6 Rd8+ 41. Kxe5 Rxd3 42. Nd5 Kg7 43. b4 Rb3 44. Kd6 Kg6 45. Rh1 h6 46. Kc5 h5
47. Kb6 1-0

[Event "40th Olympiad Women"]
[Site "Istanbul TUR"]
[Date "2012.09.04"]
[Round "7.22"]
[Board "1"]
[White "Salazar, Aura Cristina"]
[Black "Rogule, Laura"]
[Result "1-0"]
[WhiteTitle "WFM"]
[BlackTitle "WGM"]
[WhiteElo "2228"]
[BlackElo "2315"]
[WhiteTeam "Colombia"]
[BlackTeam "Latvia"]
[WhiteFideId "4403312"]
[BlackFideId "11601876"]
[EventDate "2012.08.28"]

1. d4 Nf6 2. c4 e6 3. Nc3 Bb4 4. a3 Bxc3+ 5. bxc3 b6 6. Bg5 Bb7 7. Nf3 d6 8. Nd2
Nbd7 9. Qc2 h6 10. Bh4 g5 11. Bg3 Nh5 12. e4 Qf6 13. Rb1 e5 14. Nb3 a5 15. a4
Qe7 16. Bd3 Nf4 17. Bxf4 gxf4 18. O-O Rg8 19. f3 Bc6 20. Nd2 Qh4 21. Rf2 Qf6 22.
c5 dxc5 23. d5 Bb7 24. Bb5 O-O-O 25. Nc4 Rg6 26. Qb3 Nb8 27. d6 Qe6 28. Rd2 Rdg8
29. Qb2 f5 30. Nxa5 fxe4 31. d7+ Nxd7 32. Bxd7+ Qxd7 33. Rxd7 Kxd7 34. Nxb7 exf3
35. Nxc5+ bxc5 36. Qb5+ Ke6 37. Qc6+ Kf5 38. Qxf3 e4 39. Qf2 e3 40. Qf3 Rxg2+
41. Qxg2 Rxg2+ 42. Kxg2 Ke4 43. Rb8 f3+ 44. Kf1 Kd3 45. a5 1-0